TV Debuts: 2007 Quiz Stats

 Plays Quiz Updated Nov 25, 2013

Also try: TV Debuts: 2008
Challenge
Share
Tweet
Score 0/20 Timer 04:00
0 Plays Today
% Correct
Big Bang Theory
93.1%
Are You Smarter Than a 5th Grader?
81%
Ice Road Truckers
62.6%
Mad Men
60.5%
Californication
56.3%
Sarah Silverman Program
55.1%
Chuck
51.6%
Jon and Kate Plus 8
48.1%
Cavemen
47.5%
Gossip Girl
43.9%
% Correct
Pushing Daisies
43.2%
The Tudors
40.9%
Flight of the Conchords
39.9%
Burn Notice
39.4%
Yo Gabba Gabba!
28.6%
Tim and Eric Awesome Show, Great Job!
14.4%
Dirt
13.7%
Grease: You're the One That I Want!
12.9%
The Riches
11%
Kid Nation
4.3%

You're not logged in!

Compare scores with friends on all Sporcle quizzes.
Join for Free
OR
Log In

You Might Also Like...

Show Comments

Extras

Top Quizzes Today


Score Distribution

Your Account Isn't Verified!

In order to create a playlist on Sporcle, you need to verify the email address you used during registration. Go to your Sporcle Settings to finish the process.

Report this User

Report this user for behavior that violates our Community Guidelines.

Details: